000 01387nam2a2200241 4500
001 rc\2950863
005 20260315060237.0
035 _a(NLR Aleph) 007098488
090 _a13601763
_c13601763
100 _a20110830d1935 u y0rusy50 ca
101 0 _arus
102 _aRU
105 _ay z |||||
200 0 _a№ 4 Г
210 _d[1935]
215 _a8 с.
333 _aРассылается только абонентам серии "Г"
461 0 _1001rc\2950862
_12001#$aСборник вопросов и ответов [по учету и отчетности]$e№ ... (п. 4-й программы)$fЦУНХУ Госплана СССР. Гос. Всесоюз. объединение "Союзоргучет". Контора "Оргучет". Консультационно-информ. бюро ... Июнь 1935 г.$v№ 4 Г
_96646112
_c[Ленинград]
_d[1935]
_fЦУНХУ Госплана СССР. Гос. Всесоюз. объединение "Союзоргучет". Контора "Оргучет". Консультационно-информ. бюро ... Июнь 1935 г.
_nБ. и.
_o№ ... (п. 4-й программы)
_tСборник вопросов и ответов [по учету и отчетности]
_v№ 4 Г
801 0 _aRU
_bNLR
_gpsbo
801 1 _aRU
_bELAR
_2rusmarc
852 _aNLR
_j34-17/514(15-1)
942 _cUNSPEC
980 _aNB